MDQL
is popping MORE tags! Check the
thread
!
Quizzes
Events
Quiz Creation
Community
Videos
Private Events
Remove Ads
Sign In
Join for FREE
Feedback
Dark Mode
Quiz Categories
Sports
Geography
Music
Movies
Television
Just For Fun
Miscellaneous
History
Literature
Language
Science
Gaming
Entertainment
Religion
Holiday
For Kids
Quiz Lab
Recent
Popular Today
Quiz Kudos Today
Editor Picks
Curator Picks
Quizzes by...
Day
Popularity
Type
Ratings
Length
Year
Community
Subscriptions
Recent Discussions
Orange Saloon
Badges
Playlists
Quests
Create
Leaderboards
Showdown
Live 5
Trivia Bingo
Activity
Puzzle Library
Sporcle Events
Private Events
Virtual Trivia
Globe League
Become a Host
Pub Owners
SporcleCon
Opinionation
Our Games
Videos
Blog
Mobile Apps
Partnerships
Remove Ads and Go Orange
Feedback
Geography
Country
Landmarks
City
State
Population
World
Capital
Continent
Flags
Europe
Africa
Asia
South America
North America
Oceania
Border
Canada
United Kingdom
Topography
United States
Geography
Country
Landmarks
City
State
Population
World
Capital
Continent
Flags
Europe
Africa
Asia
South America
North America
Oceania
Border
Canada
United Kingdom
Topography
United States
Random Quiz
Search Sporcle
×
Quiz Lab
Quiz Lab
Geography
World
Type in answers that appear in a list
Type in answers that appear in a list
Classic
Best Score? Go Orange.
World's Most Expensive Hotel Rooms Stats
Can you name the top 10 cities with the most expensive hotel rooms?
By
echelon66
5m
10 Questions
497 Plays
497 Plays
497 Plays
Comments
Comments
Give Quiz Kudos
Give Quiz Kudos
-
- Ratings
hide this ad
More Info
Replay
Link that replays current quiz
Next Quiz
Link to next quiz in quiz playlist
You Got
0%
They Got
Avg Score
77%
Avg Friend Score
Upgrade to see
Score Distribution
Jump to the score distribution portion of the page
Score
0/10
Timer
05:00
0
Plays Today
Country
City
% Correct
USA
Ty Warner Penthouse, Four Seasons Hotel, New York
97.6%
France
Imperial Suite, Park Hyatt, Vendôme, Paris
97%
Japan
Presidential Suite, Ritz-Carlton, Tokyo
95.2%
Russia
Ritz-Carlton Suite, Ritz-Carlton Moscow
92.8%
Italy
Villa La Capula Suite, Westin Excelsior, Rome
91.5%
UAE
Royal Suite, Burj Al Arab, Dubai
90.9%
Switzerland
Royal Penthouse Suite, President Wilson Hotel, Geneva
77.9%
USA
Hugh Hefner Sky Villa, Palms Casino Resort, Las Vegas
63.6%
*Group of Islands
The Bridge Suite, The Atlantis, Bahamas
35.6%
France
The Penthouse Suite, The Martinez Hotel, Cannes
34.6%
Quiz Playlist
Details
Report
Send in Message
Add To Playlist
More Info:
*Island resort not a city so name the group of islands.
Classic:
Type in answers that appear in a list
Quiz Source
Last Updated: Feb 16, 2017
Quiz Scoreboard
CHALLENGE
Sign Up to Join the Scoreboard
Show All
Scores
Hide
Comments
May contain spoilers
Recently Published
Holiday 10x10 Sorting Gallery
by lukepisani3
Holiday
15m
Two Season TV Shows II
by 123Four
Television
10m
Image Sorting: Flags VI
by Barbecue
Geography
2m
More to Explore
Quiz From the Vault
Featured Blog Post
14 Easter Pick-up Lines to Find Eggs With
hide this ad
You Might Also Like...
Tags
World Quiz
Expensive
hotel
Money
room
suite
Top 10
Today's Top Quizzes in Geography
Browse Geography
hide this ad
Today's Top Quizzes in World
Browse World
Top Contributed Quizzes in Geography
1
Colored Red Europe Blitz I
2
Countries of the World - No Outlines Minefield
3
Colored Red Africa Blitz II
4
Colored Red Europe Blitz II
5
Colored Red Europe Blitz III
6
Colored Red Africa Blitz III
7
Colored Red States Blitz I
8
A Different View: World Oceans
9
Colored Red States Blitz II
10
Colored Red States Blitz III
Explore More
Trending Topics
NBA
Disney
Marvel
Harry Potter
Crossword
Anime
Kpop
Soccer
NFL
Puzzle
The Office
WWE
Pokémon
Country
Song
hide this ad
More By:
echelon66
Quiz
Plays
Rating
Category
Featured
Created
An Extra Special Relationship
24,441
4.14
History
May 7, 2011
A Not So Special Relationship
3,216
4.48
History
Jun 21, 2011
What Comes Next? : Cities
1,291
3.76
Geography
Apr 25, 2011
'30 Seconds To Mars' songs
1,258
5.00
Music
Apr 1, 2010
Political Celebrities UK
701
4.50
Entertainment
Jan 9, 2011
Go to Creator's Profile
Score Distribution
Quiz Creator Spotlight
echelon66
Follow
Send a Message
Quizzes Created
-
Created Quiz Play Count
-
More By This Creator
Popular Quizzes Today
1
Find the US States - No Outlines Minefield
2
Colored Red Africa Blitz
3
Find the 'City' Movie
4
The Countries of the World
5
Find the US States
6
5x2 Blitz: Bands
7
Find the Countries of Europe - No Outlines Minefield
8
US States
More Geography Quizzes
Find the Star: Asian Capitals
Published
Trending Quizzes
Colored Red Europe Blitz I
Colored Red Europe Blitz II
Colored Red Africa Blitz II
Colored Red Europe Blitz III
Colored Red Africa Blitz III
Recently Updated
Odd Team Out - Big 4 Players
pecheneg
Quick Pick: 20 Twenties
pecheneg
March Madness Men's Triple Doubles
pecheneg
How Do You Spell That?
pecheneg
Godzilla Movies
pecheneg
Grab Bag: 4-10 Letters
pecheneg
2024 March Madness Bracket
pecheneg
Famous TV Couples
Peacemaker
Champions League XIs: Real Madrid
pecheneg
Largest US Cities 1790-2010
pecheneg
Trending Topics
Anime
NBA
Marvel
Crossword
Disney
Kpop
Harry Potter
Pokémon
Soccer
NFL
Song
Puzzle
The Office
WWE
Country
Your Account Isn't Verified!
In order to create a playlist on Sporcle, you need to verify the email address you used during registration. Go to your
Sporcle Settings
to finish the process.
Report this User
Report this user for behavior that violates our
Community Guidelines
.
Details:
Send Report
Go to the Sporcle.com Mobile Site →
Comments